000 00754cam a2200241 4500
001 2181340
003 OSt
005 20230620132830.0
008 700601s1970 nyu b 001 0 eng
010 _a 70110071
020 _a0030795052
040 _aDLC
_cDLC
_dDLC
082 0 0 _a320.97
_bSCO
100 1 _aScott, Andrew M.
_q(Andrew MacKay),
_d1922-2005.
245 1 0 _aCompetition in American politics;
_ban economic model
_c[by] Andrew M. Scott.
260 _aNew York,
_bHolt, Rinehart and Winston
_c[1970]
300 _aix, 134 p.
_c21 cm.
504 _aBibliography: p. 123-127.
650 0 _aEconomics.
651 0 _aUnited States
_xPolitics and government
_y1945-1989.
906 _a7
_bcbc
_corignew
_du
_encip
_f19
_gy-gencatlg
942 _2ddc
_cBK
999 _c1728
_d1728